| 000 | 00572 a2200217 4500 | ||
|---|---|---|---|
| 003 | Nust | ||
| 005 | 20170207170036.0 | ||
| 020 | _a0-412-56270-7 | ||
| 040 | _cNust | ||
| 082 | _a621.382 | ||
| 082 | _a621.382 | ||
| 100 | 1 | _aDunlop, John | |
| 245 | 0 | 0 |
_aTelecommunications engineering - (E-BOOK) _cJ. Dunlop and D.G. Smith |
| 250 | _a3. ed. | ||
| 260 |
_aLondon : _bChapman & Hall, _c1994 |
||
| 300 |
_axxii, 589 s. : _bill. |
||
| 650 | 4 | _aTelecommunication engineering | |
| 650 | 4 | _aTelecommunication engineering. | |
| 650 | 4 | _aTeleteknik | |
| 700 | 1 | _aSmith, D. Geoffrey | |
| 942 |
_2ddc _cBK |
||
| 999 |
_c213783 _d213783 |
||